000 00739nam a2200193 i 4500
001 56076
003 ES-MaACL
005 20230906163258.0
007 t|
008 031002s1972 sp ||||1| spa d
100 1 _aDíaz-Plaja, Fernando,
_d1918-2012
_944396
245 1 3 _aLa España política del siglo XX en fotografías y documentos
_b: . Tomo Cuarto: Del final de la Guerra Civil al Príncipe Juan Carlos (1939-1969) /
_cpor Fernando Díaz-Plaja.
250 _a[1ª ed.].
260 _a[Barcelona] :
_bPlaza & Janés,
_c[1972]
300 _a453 p., 11 lám. :
_bil. ;
_c25 cm.
740 0 _aDel final de la Guerra Civil al Príncipe Juan Carlos (1939-1969)
852 _aES-MaACL
_jC-55168
_bR.84678
999 _c56076
_d56076